A Jeanette's Wine Borkereskedés marketingtevékenységének elemzése

Bibliographic Details
Main Author: Blaski Marcell
Other Authors: Szántó dr Szilvia
Format: Thesis
Kulcsszavak:Bormarketing
Borkereskedelem
Marketingstartégia
Stratégia elemzés
Kereskedelem
Online Access:http://dolgozattar.uni-bge.hu/8490

MARC

LEADER 00000nta a2200000 i 4500
001 dolg8490
005 20180228152930.0
008 161208suuuu hu om 000 hun d
040 |a BGE Dolgozattár Repozitórium  |b hun 
041 |a hu 
100 1 |a Blaski Marcell 
245 1 2 |a A Jeanette's Wine Borkereskedés marketingtevékenységének elemzése  |c Blaski Marcell  |h [elektronikus dokumentum] 
246 1 1 |a A Jeanette's Wine Borkereskedés marketingtevékenységének elemzése 
695 |a Bormarketing 
695 |a Borkereskedelem 
695 |a Marketingstartégia 
695 |a Stratégia elemzés 
695 |a  Kereskedelem  
700 1 |a Szántó dr Szilvia  |e ths 
856 4 0 |u http://dolgozattar.uni-bge.hu/8490/1/Szakdolgozat%20v%C3%A9gleges%20m%C3%B3dos%C3%ADtott.pdf  |z Dokumentum-elérés